| 000 | 00376nam a2200145Ia 4500 | ||
|---|---|---|---|
| 008 | 240729s9999 xx 000 0 und d | ||
| 022 | _a2353-3773 | ||
| 245 | 0 | _aPolish Political Science Review | |
| 260 | _aPoland | ||
| 260 | _bSciendo | ||
| 650 | _aPolitical science | ||
| 856 | _uhttps://doaj.org/toc/df204a8e594d4d77a41ee729ff556200 | ||
| 942 | _2ddc | ||
| 942 | _cDOAJEJ | ||
| 999 |
_c68420 _d68420 |
||
| 945 |
_a1 _bMadushi Gamage _c1 _dMadushi Gamage |
||